000 00457pab a2200169 454500
008 180718b2011 xxu||||| |||| 00| 0 eng d
100 _aSteffey, Robert W.
245 _aInternational projects proposal analysis: Risk assessment using radial maps
260 _c2011
300 _ap.62-74.
362 _aApr
650 _aProject management
700 _aAnantatmula, Vittal S.
773 _aProject Management Journal
908 _aN
909 _a92352
999 _c92352
_d92352